01139nam a2200193Ia 4500001001100000003001000011008004100021040002500062041001500087100001900102245007900121250001100200260006300211300002800274500025300302501011400555520025300669650002300922L250-16889IT-CnALBA170116s9999||||xx |||||||||||||| ||und|| aIT-CnALBAcIT-CnALBA aPOLIGLOTTA aBUSQUET JOSEPH 0aTHESAURUS CONFESSARII. BREVIS ET ACCURATA SUMMA TOTIUS DOCTRINAE MORALIS.  a6a ed. a MADRIDbCORAZON DE MARIA EDITORIAL c1913 [1° Ed.: n.d.] a885 p. (prefazione: 23) aDIRITTO CIVILE SPAGNOLO. INDICE ANALITICO. ATTI UMANI. COSCIENZA. LEGGE. PECCATO. FEDE SPERANZA E CARITÀ. DECALOGO E PRECETTI DELLA CHIESA. STATO RELIGIOSO CLERICALE LAICALE. SACRAMENTI IN GENERALE E IN PARTICOLARE. PENE E INDULGENZE. APPENDICE.  aSocietà San Paolo EM - Piazza San Paolo, 14 - 12051 ALBA (CN) (non commercial uses only) ® Copyright 2017 aDIRITTO CIVILE SPAGNOLO. INDICE ANALITICO. ATTI UMANI. COSCIENZA. LEGGE. PECCATO. FEDE SPERANZA E CARITÀ. DECALOGO E PRECETTI DELLA CHIESA. STATO RELIGIOSO CLERICALE LAICALE. SACRAMENTI IN GENERALE E IN PARTICOLARE. PENE E INDULGENZE. APPENDICE.  aTEOLOGIA PASTORALE